00321nam a2200121Ia 4500008004100000082001500041100001600056245004000072250000800112260005500120300000800175650001600183191201s2009 xx 000 0 und d a006.3bHAD aHAN, Jiawei 0aData Mining Concepts and Techniques a1st aN.DelhibMorgam Kaufmann Publshers, Elsevierc2009 a550 aB.Tech(CSE)